Význam logistických centier bakalárska práca

Uložené v:
Podrobná bibliografia
Hlavný autor: Bartková, Svetlana
Korporativný autor: Podnikovohospodárska fakulta EU so sídlom v Košiciach. Katedra marketingu a obchodu
Ďalší autori: Urblíková, Daniela
Médium: Kniha
Jazyk:Slovak
Vydavateľské údaje: Košice 2012
Tagy: Pridať tag
Žiadne tagy, Buďte prvý, kto otaguje tento záznam!

MARC

LEADER 00000nbm a2200000 4500
001 0155551
005 20161109111859.8
041 0 |a slo 
044 |a SK 
245 1 0 |a Význam logistických centier  |b bakalárska práca  |c Svetlana Bartková ; školiteľ: Daniela Urblíková 
264 1 |a Košice  |c 2012 
300 |a 52 s. 
100 1 |a Bartková, Svetlana 
700 1 |a Urblíková, Daniela 
710 2 |a Podnikovohospodárska fakulta EU so sídlom v Košiciach. Katedra marketingu a obchodu